=LDR 00000nam 2200000 4500 =001 INLIS000000000028852 =005 20130612131128 =008 ***********************************iND** =035 ##$$0010-061300000028852 =041 ##$$a iND =082 ##$$a 617.9 =090 ##$$a 617.9, Win p =100 ##$$a Wind, Gary G =245 ##$$a Prinsip-prinsip teknik bedah, Gary G. Wind =850 ##$$a NBPNMAT =990 ##$$a 0001/BPAP-NTB/2016